000
00234nam a2200085Ia 4500
008
170620s9999 xx 000 0 und d
100
_a
Sharma- R. A. (Hindi)
245
0
_a
Pathyakram Vikas (Hindi)
260
_b
Meerut- International Publishing House
260
_c
2007
999
_c
24859
_d
24859